000
00316nam a2200133Ia 4500
008
191201s2006 xx 000 0 und d
100
_a
MARKHAM, Calvert
245
4
_a
The Top Consultant
250
_a
4th
260
_a
N.Delhi
_b
Kogan Page India
_c
2006
300
_a
222
650
_a
General Books
942
_2
ddc
_c
BK
999
_c
2461
_d
2461